[Event "10. Forchheimer Sparkassen Open"]
[Site "Forchheim"]
[Date "2011.10.08"]
[Round "3.52"]
[White "Braun, Kristin"]
[Black "Adler, Herbert"]
[Result "0-1"]
[WhiteElo "1581"]
[BlackElo "1872"]
[PlyCount "146"]
[EventDate "2011.??.??"]
[WhiteTeam "SC Forchheim e.V."]
[BlackTeam "SG Büchenbach/Roth e.V."]

1. e4 {[%emt 0:00:00]} e6 2. d4 d5 3. exd5 exd5 4. Nf3 Nf6 5. Bd3 Bg4 6. O-O
Be7 7. c3 O-O 8. Bg5 Nbd7 9. Nbd2 Re8 10. Qc2 Bh5 11. Rfe1 Bg6 12. Bxg6 hxg6
13. Ne5 c6 14. Ndf3 Ne4 15. Bxe7 Rxe7 16. Nxd7 Qxd7 17. Ne5 Qf5 18. f3 Nd6 19.
Qxf5 gxf5 20. b3 Rae8 21. Nd3 Rxe1+ 22. Rxe1 Rxe1+ 23. Nxe1 Nb5 24. a4 Nxc3 25.
Kf2 a5 26. Ke3 b5 27. Kd3 Na2 28. Nc2 b4 29. Ne1 Kf8 30. Kc2 Nc3 31. Nd3 Ne2
32. Ne5 Nxd4+ 33. Kd3 Nxb3 34. Nxc6 Ke8 35. Kc2 Kd7 36. Ne5+ Ke6 37. Nc6 Kd6
38. Nxb4 Nc5 39. Nd3 Nxa4 40. g4 fxg4 41. fxg4 Nc5 42. Nb2 Ne4 43. h4 Nf2 44.
g5 g6 45. Kc3 Ke5 46. Na4 d4+ 47. Kd2 Ne4+ 48. Kd3 Nd6 49. Nc5 Kf4 50. Kxd4
Nf5+ 51. Kd5 Nxh4 52. Kd6 Kxg5 53. Kc6 Kf4 54. Kb5 Nf3 55. Kxa5 g5 56. Kb4 g4
57. Nd3+ Ke3 58. Kc3 g3 59. Nb4 g2 60. Nd5+ Ke4 61. Nf6+ Kf5 62. Nh5 g1=Q 63.
Kd3 Ne5+ 64. Kc3 Qg5 65. Nf4 Qxf4 66. Kc2 Qb4 67. Kd1 Qb2 68. Ke1 Qc2 69. Kf1
Qd2 70. Kg1 Qe2 71. Kh1 Ng4 72. Kg1 Qf2+ 73. Kh1 Qh2# 0-1

[Event "10. Forchheimer Sparkassen Open"]
[Site "Forchheim"]
[Date "2011.10.08"]
[Round "3.53"]
[White "Dürr, Florian"]
[Black "Wegmann, Simon"]
[Result "1-0"]
[WhiteElo "1869"]
[BlackElo "1397"]
[PlyCount "43"]
[EventDate "2011.??.??"]

1. e4 {[%emt 0:00:00]} e5 2. Nf3 Nc6 3. Bb5 d6 4. d4 Bd7 5. O-O h6 6. Nc3 Nge7
7. Be3 g6 8. dxe5 Nxe5 9. Nxe5 dxe5 10. Qe2 c6 11. Bc4 Bg7 12. Rad1 b6 13. Rd2
Qc7 14. f4 f5 15. exf5 Bxf5 16. g4 Bd7 17. fxe5 Bxe5 18. Bf7+ Kd8 19. Be6 Bd6
20. Bxd7 Kxd7 21. Bf4 Nc8 22. Bxd6 1-0

[Event "10. Forchheimer Sparkassen Open"]
[Site "Forchheim"]
[Date "2011.10.08"]
[Round "3.54"]
[White "Mehling, Katharina"]
[Black "Müller, Constantin"]
[Result "1/2-1/2"]
[WhiteElo "1581"]
[BlackElo "1868"]
[PlyCount "89"]
[EventDate "2011.??.??"]
[WhiteTeam "Spvgg 1946 e.V. Stetten"]
[BlackTeam "Schachklub München Südost e.V."]

1. d4 {[%emt 0:00:00]} d5 2. c4 c6 3. Nf3 Nf6 4. Nc3 a6 5. e3 b5 6. b3 Bg4 7.
Be2 e6 8. Bb2 Bd6 9. Nd2 Bxe2 10. Nxe2 O-O 11. O-O Nbd7 12. Ng3 bxc4 13. bxc4
Qe7 14. c5 Bc7 15. Nb3 Rfb8 16. Bc3 g6 17. Ba5 Qd8 18. Qd2 Rb5 19. Bxc7 Qxc7
20. Rfb1 Rab8 21. Ne2 e5 22. Qc2 Ne4 23. Nc3 Nxc3 24. Qxc3 Nf6 25. Qc2 Ne4 26.
f3 Ng5 27. Nd2 exd4 28. Rxb5 Rxb5 29. exd4 Ne6 30. Nb3 a5 31. Qc3 a4 32. Nc1
Qb8 33. a3 Qa7 34. Ra2 Nxc5 35. Ne2 Ne6 36. Qxc6 Qa5 37. Kf2 Rb3 38. Nf4 Nxf4
39. Qe8+ Kg7 40. Qe5+ Kg8 41. Qe8+ Kg7 42. Qe5+ Kf8 43. Qxf4 Qb5 44. Re2 Rb2
45. Qe3 1/2-1/2

[Event "10. Forchheimer Sparkassen Open"]
[Site "Forchheim"]
[Date "2011.10.08"]
[Round "3.55"]
[White "Mehling, Franziska"]
[Black "Blank, Stefan"]
[Result "0-1"]
[WhiteElo "1532"]
[BlackElo "1863"]
[PlyCount "122"]
[EventDate "2011.??.??"]

1. d4 {[%emt 0:00:00]} Nf6 2. c4 c5 3. d5 b5 4. cxb5 a6 5. bxa6 g6 6. Nc3 d6 7.
e4 Nxa6 8. Nf3 Bg7 9. Bb5+ Bd7 10. Bxd7+ Nxd7 11. Bd2 O-O 12. O-O Nb6 13. Qc1
Nb4 14. Qb1 Nc4 15. Be1 Qb6 16. Nd1 Rfb8 17. Bc3 Na6 18. Bxg7 Kxg7 19. b3 f6
20. Nc3 Qa5 21. Qd3 Na3 22. Rfc1 Nb4 23. Qe2 Qa6 24. Qxa6 Rxa6 25. Ne1 Ra5 26.
f4 Nb5 27. Na4 f5 28. a3 Na6 29. exf5 Nd4 30. Rcb1 gxf5 31. Nc3 Nc7 32. Ra2
Rxb3 33. Rxb3 Nxb3 34. Nc2 Nd4 35. Ne3 Kf6 36. a4 Ra8 37. Rb2 Na6 38. Rb7 Nb4
39. Nc4 h5 40. Nb6 Ra6 41. Rb8 Nd3 42. g3 h4 43. Nd7+ Kg7 44. Re8 Nf3+ 45. Kh1
hxg3 46. hxg3 Kf7 47. Rf8+ Kg6 48. Re8 Nde1 49. Rg8+ Kf7 50. Rf8+ Kg6 51. Rg8+
Kh7 52. Re8 Kh6 53. Rh8+ Kg6 54. Re8 Ra7 55. Rxe7 Ra8 56. Re6+ Kf7 57. Rh6 Kg7
58. Rh3 Re8 59. Nb6 Re3 60. Nd1 Re2 61. Nc4 Rg2 0-1

[Event "10. Forchheimer Sparkassen Open"]
[Site "Forchheim"]
[Date "2011.10.08"]
[Round "3.56"]
[White "Heunemann, Dieter"]
[Black "Mantel, Ruben"]
[Result "1/2-1/2"]
[WhiteElo "1861"]
[BlackElo "1396"]
[PlyCount "84"]
[EventDate "2011.??.??"]
[WhiteTeam "SV Jenapharm Jena"]
[BlackTeam "Spvg Zabo-Eintracht Nürnberg e.V"]

1. d4 {[%emt 0:00:00]} d5 {[%eval 0,12] [%emt 0:00:09]} 2. c4 {(e2-e3) [%emt 0:
00:00]} e6 3. Nc3 Nf6 4. cxd5 exd5 5. Bg5 c6 6. e3 Be7 7. Qc2 h6 8. Bh4 Be6 9.
Bd3 Nbd7 10. Nf3 O-O 11. O-O Qc7 12. Bg3 Qd8 13. h3 Rc8 14. Qb3 Qb6 15. Qxb6
Nxb6 16. Rac1 Rfd8 17. Rfd1 Bd6 18. Bxd6 Rxd6 19. a4 Rdd8 20. b3 a6 21. a5 Na8
22. Na4 Nd7 23. b4 Nc7 24. Nd2 Nb5 25. Nb3 Kf8 26. Nac5 Nd6 27. Nxd7+ Rxd7 28.
Nc5 Re7 29. Re1 Rce8 30. Be2 Bf5 31. Bf3 Bg6 32. Be2 f5 33. Nd3 Nf7 34. Nf4 Bh7
35. Bh5 g5 36. Ng6+ Bxg6 37. Bxg6 f4 38. Rc3 Kg7 39. Bh5 Re4 40. Bf3 Rxd4 41.
Rb3 Rc4 42. Kf1 Nd6 1/2-1/2

[Event "10. Forchheimer Sparkassen Open"]
[Site "Forchheim"]
[Date "2011.10.08"]
[Round "3.57"]
[White "Seuberth, Ludwig"]
[Black "Schmitz, Tim"]
[Result "0-1"]
[WhiteElo "1530"]
[BlackElo "1854"]
[PlyCount "100"]
[EventDate "2011.??.??"]

1. d4 {[%emt 0:00:00]} Nf6 2. c4 g6 3. Nc3 Bg7 4. Bg5 d6 5. Bxf6 Bxf6 6. e3 O-O
7. Bd3 c5 8. Nge2 Nc6 9. d5 Ne5 10. O-O Bd7 11. Rc1 Qb6 12. b3 Rad8 13. Bb1 Bg7
14. h3 f5 15. Nf4 Rf6 16. Qd2 Rdf8 17. Nce2 Bh6 18. f3 Qd8 19. Qe1 Qe8 20. Rc3
g5 21. Nd3 f4 22. Nf2 Bg7 23. Ne4 Rh6 24. Nxg5 Ng6 25. Bxg6 Qxg6 26. h4 Bxc3
27. Qxc3 Rxh4 28. exf4 h6 29. Ne4 Bh3 30. N4g3 Bf5 31. Nxf5 Rxf5 32. Qd3 Rh1+
33. Kf2 Rxf1+ 34. Kxf1 Rf6 35. Qxg6+ Rxg6 36. g4 Kf7 37. f5 Rg8 38. Nf4 Kf6 39.
Kf2 a6 40. Ng6 b5 41. Nf4 bxc4 42. bxc4 Rb8 43. Kg3 Rb4 44. Nh5+ Kf7 45. f4
Rxc4 46. g5 hxg5 47. fxg5 Rd4 48. g6+ Kg8 49. Nf4 c4 50. Ne2 Rd2 0-1

[Event "10. Forchheimer Sparkassen Open"]
[Site "Forchheim"]
[Date "2011.10.08"]
[Round "3.58"]
[White "Baumann, Mathias"]
[Black "Jüschke, Arno"]
[Result "1-0"]
[WhiteElo "1851"]
[BlackElo "1378"]
[PlyCount "55"]
[EventDate "2011.??.??"]
[WhiteTeam "Spvg Zabo-Eintracht Nürnberg e.V"]
[BlackTeam "ASV Möhrendorf Schachtreff"]

1. Nf3 {[%emt 0:00:00]} Nf6 2. d4 d5 3. c4 c6 4. Qc2 g6 5. Bf4 Bf5 6. Qb3 Qb6
7. Qxb6 axb6 8. Nbd2 Bg7 9. e3 O-O 10. a3 Nbd7 11. h3 c5 12. cxd5 Nxd5 13. Bh2
N7f6 14. Bc4 Rac8 15. Bxd5 Nxd5 16. e4 Bxh3 17. gxh3 Nc7 18. dxc5 bxc5 19. Bxc7
Rxc7 20. Rb1 c4 21. Ke2 c3 22. bxc3 Rxc3 23. Rxb7 Rxa3 24. Rxe7 Bf6 25. Rd7 Re8
26. Rb1 Rf8 27. Rbb7 Ra6 28. e5 1-0

[Event "10. Forchheimer Sparkassen Open"]
[Site "Forchheim"]
[Date "2011.10.08"]
[Round "3.59"]
[White "Wichmann, Jörg"]
[Black "Pokorny, Klaus"]
[Result "0-1"]
[WhiteElo "1363"]
[BlackElo "1841"]
[PlyCount "86"]
[EventDate "2011.??.??"]

1. e4 {[%emt 0:00:00]} e6 2. d4 d5 3. e5 c5 4. c3 Nc6 5. Nf3 Qb6 6. Qb3 cxd4 7.
Qxb6 axb6 8. cxd4 Nb4 9. Bb5+ Bd7 10. Bxd7+ Kxd7 11. Kd2 Rxa2 12. Rxa2 Nxa2 13.
Ke2 Bb4 14. Bd2 Ne7 15. Nc3 Nxc3+ 16. Bxc3 Nc6 17. Ra1 h6 18. Bxb4 Nxb4 19. Ra4
Na6 20. Ne1 Rc8 21. Kd2 b5 22. Ra3 Rc4 23. Nc2 Nb4 24. Nxb4 Rxb4 25. Kc3 Rc4+
26. Kd3 b4 27. Ra8 Kc6 28. Rf8 b3 29. Rc8+ Kb5 30. Rb8 b6 31. Rf8 Rc2 32. Rxf7
Rxb2 33. Kc3 Rb1 34. Rxg7 b2 35. Kc2 Rd1 36. Kxb2 Rxd4 37. Kc3 Re4 38. Rg6 Rxe5
39. Rxh6 Kc5 40. Rf6 b5 41. Rf8 Re4 42. Rc8+ Kd6 43. Rd8+ Kc5 0-1

[Event "10. Forchheimer Sparkassen Open"]
[Site "Forchheim"]
[Date "2011.10.08"]
[Round "3.60"]
[White "Heppert, Lars"]
[Black "Seidl, Josef"]
[Result "1-0"]
[WhiteElo "1833"]
[BlackElo "1300"]
[PlyCount "89"]
[EventDate "2011.??.??"]
[WhiteTeam "Schachklub 1872 im BSV Neuburg"]
[BlackTeam "TSV Kreuzberg"]

1. c4 {[%emt 0:00:00]} e6 2. g3 c6 3. Bg2 Nf6 4. e4 d6 5. Ne2 Be7 6. O-O O-O 7.
d4 Nbd7 8. Nbc3 Rb8 9. f4 Nb6 10. Qd3 a6 11. h3 Qc7 12. Be3 Bd7 13. Rac1 Na8
14. g4 Qd8 15. Rfd1 Ne8 16. e5 d5 17. c5 Nac7 18. Rf1 f5 19. exf6 Nxf6 20. Ng3
Be8 21. Rce1 Bg6 22. Qe2 Re8 23. g5 Nd7 24. Qg4 Nf8 25. h4 b5 26. b4 Qc8 27. h5
Bf5 28. Qe2 a5 29. a3 Na6 30. bxa5 Bd8 31. Bd2 Bxa5 32. Nxb5 Rxb5 33. Bxa5 Rxa5
34. Nxf5 Qc7 35. Nd6 Re7 36. f5 e5 37. f6 Re6 38. Bh3 e4 39. f7+ Kh8 40. Bxe6
Rxa3 41. Qf2 Nb4 42. h6 Rf3 43. Qh4 g6 44. Rxf3 Nc2 45. Qf4 1-0

[Event "10. Forchheimer Sparkassen Open"]
[Site "Forchheim"]
[Date "2011.10.08"]
[Round "3.61"]
[White "Shen, Julian"]
[Black "Kölbl, Jonathan"]
[Result "0-1"]
[WhiteElo "1363"]
[BlackElo "1828"]
[PlyCount "128"]
[EventDate "2011.??.??"]

1. e4 {[%emt 0:00:00]} g6 2. d4 Bg7 3. Nf3 d6 4. Nc3 Nd7 5. Be3 c6 6. Bc4 Nb6
7. Bb3 Nf6 8. h3 O-O 9. O-O Qc7 10. Qd2 Bd7 11. Bh6 e6 12. Bxg7 Kxg7 13. Rfe1
e5 14. dxe5 dxe5 15. Rad1 Rae8 16. Qd6 Qxd6 17. Rxd6 Nc8 18. Rd3 Be6 19. Bxe6
Rxe6 20. Red1 b5 21. a3 a5 22. Re3 h6 23. b3 Rfe8 24. Rdd3 Nd6 25. Nxe5 Ndxe4
26. Nxe4 Nxe4 27. Rxe4 Rxe5 28. Rxe5 Rxe5 29. Kf1 Rc5 30. Rd2 Rc3 31. Ke2 a4
32. bxa4 bxa4 33. Kd1 Rxa3 34. Rd6 Ra1+ 35. Kd2 Rg1 36. Rxc6 Rxg2 37. Ke2 Rg1
38. Ra6 Ra1 39. c4 a3 40. c5 Rc1 41. Rxa3 Rxc5 42. Rf3 g5 43. Rg3 Kg6 44. h4
Kh5 45. hxg5 Rxg5 46. Rf3 Kg6 47. Rh3 h5 48. Rh4 Rg4 49. Rxg4+ hxg4 50. f3
gxf3+ 51. Kxf3 Kf5 52. Kf2 Kf4 53. Kg2 Ke3 54. Kf1 f5 55. Ke1 f4 56. Kf1 Kf3
57. Kg1 Ke2 58. Kh2 f3 59. Kh1 f2 60. Kh2 f1=Q 61. Kg3 Qf5 62. Kh2 Qg4 63. Kh1
Kf2 64. Kh2 Qg2# 0-1

[Event "10. Forchheimer Sparkassen Open"]
[Site "Forchheim"]
[Date "2011.10.08"]
[Round "3.62"]
[White "Stoll, Stefan"]
[Black "Semenova, Alisa"]
[Result "1-0"]
[WhiteElo "1822"]
[BlackElo "1156"]
[PlyCount "49"]
[EventDate "2011.??.??"]
[WhiteTeam "SK Mering"]
[BlackTeam "SC Noris-Tarrasch Nürnberg 1873"]

1. d4 {[%emt 0:00:00]} d5 2. c4 e6 3. Nc3 Nf6 4. Bg5 Be7 5. e3 c6 6. Nf3 Nbd7
7. Rc1 O-O 8. Bd3 Qb6 9. Qc2 Qd8 10. O-O h6 11. Bh4 a6 12. a3 b5 13. cxd5 cxd5
14. Qe2 Bb7 15. Rc2 Rc8 16. Rfc1 Re8 17. Nb1 Nb6 18. Bg3 Bd6 19. Ne5 Ne4 20.
Qh5 Qf6 21. Bxe4 dxe4 22. Ng4 Qe7 23. Bh4 f6 24. Qg6 Kh8 25. Nxf6 1-0

[Event "10. Forchheimer Sparkassen Open"]
[Site "Forchheim"]
[Date "2011.10.08"]
[Round "3.63"]
[White "Schwab, Edgar"]
[Black "Häusler, Luis"]
[Result "1-0"]
[WhiteElo "1806"]
[BlackElo "996"]
[PlyCount "103"]
[EventDate "2011.??.??"]

1. d4 {[%emt 0:00:00]} Nf6 2. c4 g6 3. Nc3 Bg7 4. g3 O-O 5. Bg2 d6 6. e4 Bd7 7.
Nge2 e5 8. d5 Ne8 9. O-O f5 10. Be3 Nf6 11. Qd2 Qe7 12. Bg5 c6 13. Rad1 Rd8 14.
f4 h6 15. Bh4 Na6 16. exf5 Bxf5 17. dxc6 Nc5 18. cxb7 Nxb7 19. Nd5 Qf7 20. Bxf6
Bxf6 21. Nxf6+ Qxf6 22. Bxb7 Rab8 23. Bd5+ Kh7 24. b3 exf4 25. Qxf4 Re8 26. Nd4
Rf8 27. g4 Bc2 28. Qxf6 Rxf6 29. Nxc2 Rbf8 30. Rxf6 Rxf6 31. Rf1 Rxf1+ 32. Kxf1
Kg7 33. Nd4 Kf6 34. Nb5 Ke5 35. Nxa7 Kd4 36. Nb5+ Kc5 37. h4 h5 38. gxh5 gxh5
39. a3 Kb6 40. Nxd6 Kc5 41. Ne4+ Kb6 42. Nf6 Kc5 43. Nxh5 Kb6 44. Nf4 Kc5 45.
Ne6+ Kb6 46. h5 Ka5 47. h6 Kb6 48. h7 Ka5 49. h8=Q Kb6 50. Qb8+ Ka6 51. Qb7+
Ka5 52. Qb5# 1-0

[Event "10. Forchheimer Sparkassen Open"]
[Site "Forchheim"]
[Date "2011.10.08"]
[Round "3.64"]
[White "Held, Werner"]
[Black "Zhao, Kevin"]
[Result "0-1"]
[WhiteElo "1300"]
[BlackElo "1799"]
[PlyCount "66"]
[EventDate "2011.??.??"]
[WhiteTeam "Spvg Zabo-Eintracht Nürnberg e.V"]
[BlackTeam "SC Erlangen 48/88 e.V."]

1. e4 {[%emt 0:00:00]} e6 2. d4 d5 3. e5 c5 4. Nf3 Nc6 5. Be3 Qb6 6. b3 cxd4 7.
Nxd4 Qc7 8. Nxc6 bxc6 9. f4 Bd7 10. Nd2 c5 11. Bd3 Be7 12. O-O Nh6 13. Qf3 Bc6
14. Qg3 d4 15. Bf2 Qb7 16. Rae1 O-O-O 17. Re2 g6 18. h4 Nf5 19. Qh3 h6 20. Ne4
g5 21. g4 Nxh4 22. Bxh4 gxh4 23. f5 exf5 24. gxf5 Rdg8+ 25. Kh2 Qc7 26. f6+ Bd7
27. Qxh4 Rg4 28. Qh5 Bf8 29. Qxf7 Qxe5+ 30. Kh1 Rhg8 31. Rh2 Bc6 32. Re1 Bxe4+
33. Rxe4 Rg1# 0-1

[Event "10. Forchheimer Sparkassen Open"]
[Site "Forchheim"]
[Date "2011.10.08"]
[Round "3.66"]
[White "Weigert, Wilhelm"]
[Black "Heil, Rudolf"]
[Result "1-0"]
[WhiteElo "1923"]
[BlackElo "1544"]
[PlyCount "85"]
[EventDate "2011.??.??"]
[WhiteTeam "SK Kelheim 1920"]
[BlackTeam "SC Starnberg"]

1. c4 {[%emt 0:00:00]} c5 2. Nc3 g6 3. g3 Bg7 4. Bg2 e5 5. Rb1 Nc6 6. a3 a5 7.
d3 Nge7 8. Bd2 d6 9. Nd5 Nxd5 10. cxd5 Ne7 11. Qb3 O-O 12. Nf3 h6 13. O-O f5
14. e3 Qc7 15. Rbc1 Bd7 16. Ne1 a4 17. Qc4 b5 18. Qa2 Qb7 19. Rxc5 e4 20. Rc6
Kh7 21. Rxd6 Qc7 22. Rxd7 Qxd7 23. dxe4 fxe4 24. Bxe4 Rad8 25. Ba5 Rc8 26. Ng2
Nf5 27. Nf4 Ne7 28. Ne6 Rf7 29. Nxg7 Rxg7 30. Bc3 Rgg8 31. d6 Nf5 32. Rd1 Rge8
33. Qd5 Rf8 34. Qd3 Rc4 35. Bd5 Rcc8 36. Bg2 Rc4 37. Qd5 Rcc8 38. e4 Ng7 39. e5
Ne6 40. Qb7 Rf7 41. Qxd7 Rxd7 42. Bh3 Re8 43. Rd5 1-0

[Event "10. Forchheimer Sparkassen Open"]
[Site "Forchheim"]
[Date "2011.10.08"]
[Round "3.67"]
[White "Neiss, Albrecht"]
[Black "Winkler, Thorsten"]
[Result "0-1"]
[WhiteElo "1469"]
[BlackElo "1920"]
[PlyCount "96"]
[EventDate "2011.??.??"]

1. d4 {[%emt 0:00:00]} d5 2. c4 e6 3. Nc3 Nf6 4. cxd5 exd5 5. Bg5 Be7 6. e3 O-O
7. Bd3 c6 8. Nge2 Nh5 9. Bxe7 Qxe7 10. Qc2 Nf6 11. O-O-O c5 12. dxc5 Qxc5 13.
Nxd5 Qxc2+ 14. Bxc2 Nxd5 15. Rxd5 Be6 16. Rh5 g6 17. Rb5 Bc4 18. Nc3 Bxb5 19.
Nxb5 Nc6 20. h4 Rac8 21. Kb1 Rfd8 22. Rd1 Rxd1+ 23. Bxd1 Rd8 24. Nc3 Rd2 25.
Be2 Ne5 26. Kc1 Rd8 27. Kc2 h5 28. f3 Rc8 29. g4 Nc4 30. e4 Ne3+ 31. Kb3 Ng2
32. gxh5 gxh5 33. Nd5 Kg7 34. f4 Nxh4 35. Bxh5 Re8 36. e5 Ng6 37. Kc4 Rh8 38.
Bxg6 Kxg6 39. Ne7+ Kg7 40. f5 Rh2 41. f6+ Kf8 42. Kc5 Rxb2 43. Kd6 Rxa2 44. Nd5
Rd2 45. e6 Rxd5+ 46. Kxd5 fxe6+ 47. Kxe6 a5 48. Kd6 Kf7 0-1

[Event "10. Forchheimer Sparkassen Open"]
[Site "Forchheim"]
[Date "2011.10.08"]
[Round "3.68"]
[White "Hock, Anna-Maria"]
[Black "Winkler, Stefan"]
[Result "0-1"]
[WhiteElo "1412"]
[BlackElo "1901"]
[PlyCount "64"]
[EventDate "2011.??.??"]
[WhiteTeam "TV-Großostheim 1900 e.V."]
[BlackTeam "SC Starnberg"]

1. e4 {[%emt 0:00:00]} e6 2. d4 d5 3. exd5 exd5 4. Nc3 c5 5. Nf3 Nc6 6. dxc5 d4
7. Qe2+ Be6 8. Ne4 Bxc5 9. Nfg5 Bb4+ 10. Bd2 Be7 11. Nxe6 fxe6 12. Qh5+ g6 13.
Qg4 Qd5 14. Ng5 Nd8 15. Nxh7 Qe5+ 16. Be2 Qg7 17. Ng5 Qf6 18. Bb5+ Kf8 19. Nf3
e5 20. Bg5 Qd6 21. Bxe7+ Nxe7 22. a3 Ne6 23. Qe4 Rh5 24. Qxb7 Rb8 25. Qd7 Qb6
26. Rb1 Rd8 27. Qxd8+ Qxd8 28. Bd3 Qd5 29. Be2 e4 30. Nd2 e3 31. Nf3 Nf4 32.
Bf1 Qe4 0-1

[Event "10. Forchheimer Sparkassen Open"]
[Site "Forchheim"]
[Date "2011.10.08"]
[Round "3.69"]
[White "Boudkeev, Timour"]
[Black "Dreiseitel, Werner"]
[Result "1/2-1/2"]
[WhiteElo "1874"]
[BlackElo "1482"]
[PlyCount "47"]
[EventDate "2011.??.??"]

1. d4 {[%emt 0:00:00]} d5 2. c4 c6 3. e3 Nf6 4. Nc3 e6 5. Nf3 Nbd7 6. cxd5 exd5
7. Be2 Be7 8. O-O O-O 9. Qc2 Re8 10. Bd2 Nb6 11. Ne5 Be6 12. f4 Nc8 13. Bd3 Nd6
14. Be1 Qc8 15. Bh4 Bf5 16. Bxf6 Bxd3 17. Qxd3 Bxf6 18. Rf3 Qf5 19. Qxf5 Nxf5
20. g4 Nd6 21. g5 Be7 22. Kf2 f6 23. h4 fxe5 24. dxe5 1/2-1/2

[Event "10. Forchheimer Sparkassen Open"]
[Site "Forchheim"]
[Date "2011.10.08"]
[Round "3.70"]
[White "Thürauf, Peter"]
[Black "Hasenstab, Robin"]
[Result "1-0"]
[WhiteElo "1863"]
[BlackElo "1480"]
[PlyCount "103"]
[EventDate "2011.??.??"]
[WhiteTeam "SW Nürnberg Süd e.V."]
[BlackTeam "Schachfreunde Sailauf"]

1. d4 {[%emt 0:00:00]} e6 2. c4 d5 3. Nc3 c6 4. Nf3 Nf6 5. Bg5 Nbd7 6. e3 Qa5
7. Bxf6 Nxf6 8. Qc2 Ne4 9. Nd2 Nxc3 10. bxc3 dxc4 11. Bxc4 Qg5 12. O-O b6 13.
e4 Bb7 14. f4 Qd8 15. f5 Qd7 16. fxe6 fxe6 17. Qb3 Ke7 18. Nf3 b5 19. Be2 Re8
20. Ne5 Qc8 21. Rf7+ Kd8 22. Rd7+ Qxd7 23. Nxd7 Kxd7 24. Bg4 h5 25. Bf3 g6 26.
d5 Bc5+ 27. Kh1 e5 28. dxc6+ Kxc6 29. a4 a6 30. Qd5+ Kb6 31. a5+ Ka7 32. Qxc5+
Ka8 33. Rd1 Rh7 34. Qb6 Rg7 35. Rd8+ Rxd8 36. Qxd8+ Ka7 37. Qf6 Rc7 38. Qxe5
Rc4 39. Qg7 Ra4 40. h4 Ka8 41. Qf8+ Ka7 42. Qc5+ Ka8 43. Qb6 Rc4 44. Kg1 Rxc3
45. Qxg6 Rc5 46. Bxh5 b4 47. Be2 Rxa5 48. Qb6 Ra4 49. e5 b3 50. Qxb3 Rxh4 51.
e6 Rh7 52. Qb6 1-0

[Event "10. Forchheimer Sparkassen Open"]
[Site "Forchheim"]
[Date "2011.10.08"]
[Round "3.71"]
[White "Lingl, Peter"]
[Black "Diller, Daniel"]
[Result "0-1"]
[WhiteElo "1369"]
[BlackElo "1821"]
[PlyCount "61"]
[EventDate "2011.??.??"]

1. e4 {[%emt 0:00:00]} e6 2. d4 d5 3. exd5 exd5 4. Nc3 Nf6 5. Nf3 Bd6 6. Bd3
O-O 7. Bg5 Re8+ 8. Ne2 Bg4 9. h3 Bxf3 10. gxf3 c5 11. Qd2 Nc6 12. O-O-O cxd4
13. Nf4 Bb4 14. Bxh7+ Nxh7 15. Bxd8 Bxd2+ 16. Kxd2 Raxd8 17. Rhg1 Ne5 18. Rg3
Rd6 19. b3 Ng5 20. Kc1 Ngxf3 21. h4 Nxh4 22. Rh3 Nhg6 23. Rxd4 Nxf4 24. Rxf4
Ng6 25. Rff3 Re2 26. Rc3 Rd8 27. Rhf3 Ne5 28. Rf5 Nc6 29. Rh3 g6 30. Rf4 Rd6
31. Rhf3 {Rest unklar} 0-1

[Event "10. Forchheimer Sparkassen Open"]
[Site "Forchheim"]
[Date "2011.10.08"]
[Round "3.72"]
[White "Alka, Kurt"]
[Black "Schlötterer, Hermann"]
[Result "0-1"]
[WhiteElo "1250"]
[BlackElo "1806"]
[PlyCount "88"]
[EventDate "2011.??.??"]
[WhiteTeam "SC Erlangen 48/88 e.V."]
[BlackTeam "SC Noris-Tarrasch Nürnberg 1873"]

1. e4 {[%emt 0:00:00]} c5 2. Nf3 Nc6 3. d4 cxd4 4. Nxd4 Nf6 5. Nc3 e5 6. Nf3
Bb4 7. Bd3 O-O 8. O-O Bxc3 9. bxc3 d5 10. Bg5 dxe4 11. Bxf6 Qxf6 12. Bxe4 Bg4
13. h3 Rad8 14. Qc1 Bf5 15. Qe3 Bxe4 16. Qxe4 Qe7 17. Rab1 Rd7 18. Rb2 f5 19.
Qc4+ Kh8 20. Rfb1 Na5 21. Qb5 Nc6 22. Qc4 Rfd8 23. Re1 Qf6 24. Qh4 Qxh4 25.
Nxh4 g6 26. Nf3 Re8 27. Nd4 Nd8 28. Nb5 a6 29. Na3 Rc7 30. c4 Nc6 31. Re3 Nd4
32. c3 f4 33. Rd3 Nf5 34. Rbd2 Kg7 35. Rd7+ Re7 36. Rxc7 Rxc7 37. Rd5 Kf6 38.
c5 Ke6 39. c4 Rd7 40. Rxd7 Kxd7 41. Nc2 Kc6 42. Ne1 Kxc5 43. Nd3+ Kd4 44. Nb2
Kc3 0-1

[Event "10. Forchheimer Sparkassen Open"]
[Site "Forchheim"]
[Date "2011.10.08"]
[Round "3.73"]
[White "Pillath, Marcus"]
[Black "Üstün, Engin"]
[Result "0-1"]
[WhiteElo "1214"]
[BlackElo "1781"]
[PlyCount "66"]
[EventDate "2011.??.??"]

1. Nf3 {[%emt 0:00:00]} Nf6 2. d4 g6 3. c3 Bg7 4. Bf4 d6 5. Nbd2 O-O 6. e3 Nbd7
7. Be2 c5 8. h3 b6 9. O-O Bb7 10. a3 Rc8 11. Ne1 e5 12. dxe5 dxe5 13. Bg5 Qc7
14. Bf3 e4 15. Be2 Ne5 16. Bf4 Rcd8 17. Qc2 Qe7 18. Bxe5 Qxe5 19. Nc4 Qe7 20.
Rd1 Nd5 21. Qc1 f5 22. Nc2 f4 23. Nd2 Bh6 24. Bc4 f3 25. Nb1 fxg2 26. Kxg2 Qg5+
27. Kh2 Bg7 28. Rd2 Be5+ 29. f4 exf3+ 30. Kh1 Kh8 31. Ne1 Nxe3 32. Nxf3 Rxd2
33. Qxd2 Rxf3 0-1

[Event "10. Forchheimer Sparkassen Open"]
[Site "Forchheim"]
[Date "2011.10.08"]
[Round "3.74"]
[White "Walter, Manfred"]
[Black "Franz, Kurt"]
[Result "1-0"]
[WhiteElo "1736"]
[BlackElo "1413"]
[PlyCount "103"]
[EventDate "2011.??.??"]
[WhiteTeam "SV Lauf a.d.P."]
[BlackTeam "SC Kirchseeon e.V."]

1. c4 {[%emt 0:00:00]} c5 2. g3 e6 3. Bg2 Nf6 4. e4 d6 5. Ne2 Qc7 6. Nbc3 a6 7.
O-O Bd7 8. Rb1 Nc6 9. a3 Be7 10. d3 e5 11. b4 cxb4 12. axb4 Na7 13. Bg5 b5 14.
Bxf6 Bxf6 15. Nd5 Qd8 16. Qb3 Be6 17. Nec3 bxc4 18. dxc4 O-O 19. Ra1 Bc8 20.
Ra3 Nc6 21. b5 Nd4 22. Qa2 Bb7 23. bxa6 Bxd5 24. Nxd5 Ne6 25. a7 Nd4 26. Rb1
Nc6 27. Nb6 Rxa7 28. Rxa7 Nxa7 29. Qxa7 Qb8 30. Qxb8 Rxb8 31. Rb4 Bd8 32. Nd5
Rxb4 33. Nxb4 Kf8 34. Kf1 Ke8 35. Bh3 f6 36. Ke2 Bb6 37. Nd5 Bc5 38. Bg4 Kf7
39. f4 exf4 40. Nxf4 Bd4 41. Be6+ Ke7 42. Bg8 h6 43. Ng6+ Ke8 44. Kf3 Bc3 45.
Kf4 Bb4 46. Kf5 Kd7 47. Be6+ Ke8 48. Nf4 Bc3 49. Kg6 Be5 50. Bd5 Bxf4 51. gxf4
Kf8 52. h3 1-0

[Event "10. Forchheimer Sparkassen Open"]
[Site "Forchheim"]
[Date "2011.10.08"]
[Round "3.75"]
[White "Schilay, Andre"]
[Black "Schilay, Lorenz"]
[Result "1/2-1/2"]
[WhiteElo "1711"]
[BlackElo "1354"]
[PlyCount "30"]
[EventDate "2011.??.??"]

1. e4 {[%emt 0:00:00]} e5 2. Nf3 Nc6 3. Nc3 Nf6 4. Bc4 Bc5 5. d3 d6 6. Bg5 Bg4
7. h3 Bh5 8. g4 Bg6 9. Nd5 h6 10. Bxf6 gxf6 11. Qd2 h5 12. O-O-O h4 13. Rdf1
Bb6 14. Ne1 Na5 15. Bb3 Nxb3+ 1/2-1/2

[Event "10. Forchheimer Sparkassen Open"]
[Site "Forchheim"]
[Date "2011.10.08"]
[Round "3.76"]
[White "Kunkel, Heinrich"]
[Black "Wichmann, Adrian"]
[Result "0-1"]
[WhiteElo "1209"]
[BlackElo "1599"]
[PlyCount "140"]
[EventDate "2011.??.??"]
[WhiteTeam "TuS 1863 Aschaffenb.Damm"]
[BlackTeam "SV Seubelsdorf"]

1. Nf3 {[%emt 0:00:00]} d5 2. d4 e6 3. Bf4 c5 4. e3 Nc6 5. Bb5 Nf6 6. O-O Bd7
7. Nc3 a6 8. Bxc6 Bxc6 9. Ne5 cxd4 10. exd4 Bd6 11. Nxc6 bxc6 12. Bxd6 Qxd6 13.
Na4 Nd7 14. c3 c5 15. Rb1 cxd4 16. Qxd4 Nf6 17. Nc5 O-O 18. Nd3 Ne4 19. Rfe1
Nf6 20. c4 Rac8 21. c5 Qc6 22. b4 Nd7 23. Rbc1 Rb8 24. a3 Rfe8 25. Re3 f6 26.
Nf4 Ne5 27. Rg3 Rf8 28. Nh5 Ng6 29. Qg4 f5 30. Qd4 e5 31. Qb2 f4 32. Rd3 Rbe8
33. Rcd1 d4 34. f3 Rf5 35. g4 fxg3 36. Nxg3 Rf6 37. Ne4 Rf4 38. Qg2 Nh4 39. Qe2
Qg6+ 40. Kf1 Ref8 41. Nd2 Qf5 42. Kf2 Qh3 43. Rf1 Qxh2+ 44. Ke1 Ng2+ 45. Kd1
Ne3+ 46. Ke1 Qxe2+ 47. Kxe2 Nxf1 48. Kxf1 R4f6 49. Ke2 h5 50. Ne4 Rh6 51. a4
Rb8 52. Rb3 h4 53. b5 h3 54. Ng3 h2 55. Rb1 Kf7 56. Kd3 h1=Q 57. Nxh1 axb5 58.
Nf2 b4 59. Kc4 b3 60. Nd3 Re6 61. Nb4 Re7 62. c6 Rc7 63. Kc5 Rxb4 64. Kxb4 Rxc6
65. Rxb3 Rb6+ 66. Kc4 Rxb3 67. Kxb3 Ke7 68. Kc4 Kd6 69. f4 exf4 70. Kxd4 g5 0-1